Missing Word: 'Take' It in Song Quiz Stats

 Plays Quiz Updated Mar 16, 2018

Score 0/20 Timer 03:00
0 Plays Today
Song Missing Word % Correct
____ Breath You TakeEvery
94.6%
Take Me Home, ____ RoadsCountry
91.7%
Take Me As I ____Am
90.5%
Take the ____ and RunMoney
86.9%
Take My ____ AwayBreath
86.3%
Take ____ MeOn
83.8%
____ Not Gonna Take ItWe're
81%
Take It ____Easy
77.6%
Take It to the ____Limit
70.1%
Take ____ the Night Back
58.4%
Song Missing Word % Correct
Take Me Home ____Tonight
57.6%
Take a ____ OffLoad
54.3%
Take It on the ____Run
50%
Take a ____Bow
49.9%
Take Me to ____Church
49.5%
Take Me to the ____River
44.6%
Take It ____Away
29.8%
Jenny Take a ____Ride
24.9%
Take Me to the ____Pilot
14.6%
Take A ____Walk
13.2%

Today's Daily Dose

Missing Word
Banned Books (A-Z)

Word Ladder
Janis Joplin

Get the Picture
Occupations

You're not logged in!

Compare scores with friends on all Sporcle quizzes.
OR
Log In

Sporcle TV

Today on Sporcle TV


Watch our educational content, quiz creation guides, and fun videos on Sporcle TV.

Show Comments

Extras

Top Quizzes Today


Score Distribution

Your Account Isn't Verified!

In order to create a playlist on Sporcle, you need to verify the email address you used during registration. Go to your Sporcle Settings to finish the process.

Report this User

Report this user for behavior that violates our Community Guidelines.

Details: